Communes Limitrophes d'Orléans - Statistiques

Statistiques générales
  • Ce quiz a été pris 319 fois
  • Le résultat moyen est 6 sur 10
Statistiques - réponses
Communes % Correct
Nord-Ouest Saint-Jean-de-la-Ruelle
95%
Sud Olivet
92%
Nord Saran
91%
Nord Fleury-les-Aubrais
82%
Est Saint-Jean-de-Braye
73%
Sud-Est Saint-Jean-le-Blanc
61%
Nord-Est Semoy
42%
Sud-Est Saint-Cyr-en-Val
41%
Sud-Ouest Saint-Pryvé-Saint-Mesmin
36%
Sud Ardon
28%
Aucun quiz correspondant
Distribution des résultats
% des personnes avec chaque résultat
Percentile par nombre de réponses
Votre historique - résultats
Vous n’avez pas pris ce quiz